[Event "George Trundle NZ Reserves 2017"]
[Site "Auckland, NZL"]
[Date "2017.10.01"]
[Round "2.1"]
[White "Qin, Oscar Shu Xuan"]
[Black "Carpinter, Bernard"]
[Result "0-1"]
[BlackElo "1860"]
[WhiteElo "1415"]
[LiveChessVersion "1.4.8"]

1. e4 {[%clk 1:30:58]} e5 {[%clk 1:30:55]} 2. Nf3 {[%clk 1:31:16]} Nc6
{[%clk 1:31:19]} 3. d4 {[%clk 1:31:38]} exd4 4. Nxd4 Bc5 {[%clk 1:30:53]} 5. Be3
{[%clk 1:31:59]} Qf6 {[%clk 1:30:59]} 6. c3 {[%clk 1:32:02]} Nge7 7. g3 O-O
{[%clk 1:26:24]} 8. Bg2 {[%clk 1:32:07]} d6 {[%clk 1:24:38]} 9. O-O
{[%clk 1:29:47]} Bd7 {[%clk 1:24:54]} 10. Na3 {[%clk 1:28:42]} Bxa3
{[%clk 1:24:58]} 11. bxa3 {[%clk 1:28:42]} Ne5 {[%clk 1:24:06]} 12. Qe2
{[%clk 1:20:45]} N7c6 {[%clk 1:18:23]} 13. Rab1 {[%clk 1:15:24]} Na5
{[%clk 1:17:44]} 14. Nb3 {[%clk 1:07:24]} Nec4 {[%clk 1:16:33]} 15. Nxa5
{[%clk 1:07:24]} Nxa5 {[%clk 1:16:57]} 16. Bd4 {[%clk 1:06:38]} Qe6
{[%clk 1:16:45]} 17. f4 {[%clk 1:04:56]} c5 {[%clk 1:10:14]} 18. Be3
{[%clk 1:02:26]} Qc4 {[%clk 1:08:55]} 19. Qxc4 {[%clk 1:02:00]} Nxc4 20. Bc1 Bc6
{[%clk 1:08:12]} 21. Re1 {[%clk 0:59:40]} Rfe8 {[%clk 1:05:58]} 22. Re2
{[%clk 0:43:38]} Re7 {[%clk 1:05:23]} 23. Kf2 {[%clk 0:39:58]} Rae8
{[%clk 1:05:15]} 24. Bf3 {[%clk 0:20:49]} b6 {[%clk 1:04:00]} 25. Re1
{[%clk 0:14:36]} Bxe4 {[%clk 1:02:01]} 26. Bxe4 {[%clk 0:14:54]} Rxe4
{[%clk 1:02:25]} 27. Rxe4 {[%clk 0:15:17]} Rxe4 {[%clk 1:02:50]} 28. Kf3
{[%clk 0:15:16]} Re1 {[%clk 1:02:43]} 29. Kf2 {[%clk 0:14:52]} Rh1
{[%clk 1:02:56]} 30. h4 {[%clk 0:14:46]} Rh2+ {[%clk 1:00:18]} 31. Kf3
{[%clk 0:13:35]} Rxa2 {[%clk 1:00:30]} 32. Rb3 {[%clk 0:14:02]} f5
{[%clk 0:59:42]} 33. g4 {[%clk 0:10:43]} fxg4+ {[%clk 1:00:03]} 34. Kxg4
{[%clk 0:11:01]} Rc2 {[%clk 1:00:21]} 35. Rb1 {[%clk 0:11:04]} Rxc3
{[%clk 1:00:34]} 0-1

[Event "George Trundle NZ Reserves 2017"]
[Site "Auckland, NZL"]
[Date "2017.10.01"]
[Round "2.2"]
[White "Nagorski, Alex"]
[Black "Mukkattu, Philip"]
[Result "1-0"]
[BlackElo "1676"]
[WhiteElo "1843"]
[LiveChessVersion "1.4.8"]

1. Nf3 {[%clk 1:30:52]} f5 {[%clk 1:30:07]} 2. c4 {[%clk 1:31:09]} Nf6
{[%clk 1:29:57]} 3. g3 {[%clk 1:31:24]} b6 {[%clk 1:28:36]} 4. d4
{[%clk 1:31:35]} e6 {[%clk 1:28:17]} 5. Bg2 {[%clk 1:31:28]} Bb7 {[%clk 1:28:42]}
6. O-O {[%clk 1:31:36]} Be7 {[%clk 1:27:00]} 7. Nc3 {[%clk 1:31:46]} O-O
{[%clk 1:25:21]} 8. d5 {[%clk 1:31:26]} exd5 {[%clk 1:17:11]} 9. Nd4
{[%clk 1:27:13]} Ne4 {[%clk 1:15:31]} 10. cxd5 {[%clk 1:26:03]} Nxc3
{[%clk 1:12:54]} 11. bxc3 {[%clk 1:26:01]} Na6 {[%clk 1:04:15]} 12. d6
{[%clk 1:25:46]} Bxg2 {[%clk 1:02:41]} 13. dxe7 {[%clk 1:26:11]} Qxe7
{[%clk 1:01:52]} 14. Kxg2 {[%clk 1:26:36]} Qe4+ {[%clk 0:56:03]} 15. f3
{[%clk 1:23:44]} Qd5 {[%clk 0:56:03]} 16. Qb3 {[%clk 1:23:49]} Qxb3
{[%clk 0:55:37]} 17. axb3 {[%clk 1:24:01]} Nc5 {[%clk 0:53:51]} 18. b4
{[%clk 1:18:10]} Nb7 {[%clk 0:52:24]} 19. Bf4 {[%clk 1:17:30]} c5
{[%clk 0:50:32]} 20. Nb5 {[%clk 1:15:32]} cxb4 {[%clk 0:42:47]} 21. Nc7
{[%clk 1:13:21]} Rac8 {[%clk 0:43:10]} 22. Rxa7 {[%clk 1:13:45]} g5
{[%clk 0:42:11]} 23. Rxb7 {[%clk 1:13:37]} gxf4 {[%clk 0:42:34]} 24. cxb4
{[%clk 1:13:54]} fxg3 {[%clk 0:42:32]} 25. hxg3 {[%clk 1:14:11]} Rf7
{[%clk 0:42:00]} 26. Nd5 {[%clk 1:12:47]} Rc2 {[%clk 0:41:50]} 27. Kf2
{[%clk 1:12:54]} Rd2 {[%clk 0:41:46]} 28. Nxb6 {[%clk 1:11:48]} Re7
{[%clk 0:42:01]} 29. Re1 {[%clk 1:12:09]} Kf7 {[%clk 0:41:24]} 30. Nc4
{[%clk 1:11:58]} Rc2 {[%clk 0:41:20]} 31. Ne3 1-0

[Event "George Trundle Reserves 2017"]
[Site "Auckland NZL"]
[Date "2017.10.01" ]
[Round "2.3"]
[White "Qin, Nicole Shu Yu"]
[WhiteFideId "4304306"]
[Black "Meng, Richard"]
[WhiteFideId "4305000"]
[Result "1/2-1/2"]
[WhiteElo "1547"]
[BlackElo "1646"]
[PlyCount "69"]
[EventDate "2017.09.30"]
[SourceDate ""]

1. d4 Nf6 2. c4 e6 3. Nc3 Bb4 4. Qc2 O-O 5. Nf3 d5 6. a3 Be7 7. Bg5 h6 8. Bh4
b6 9. e3 Nbd7 10. b4 c5 11. bxc5 bxc5 12. cxd5 exd5 13. Bd3 Qa5 14. O-O Ba6 15.
Bxa6 Qxa6 16. Bxf6 Nxf6 17. dxc5 Qc4 18. Qd2 Qxc5 19. Rfd1 Rfd8 20. Nd4 Ne4 21.
Nxe4 dxe4 22. Qe2 Rac8 23. Qg4 Qe5 24. Nf5 Kh7 25. Nxe7 Qxe7 26. Rxd8 Rxd8 27.
Qf5+ Kg8 28. Qa5 Qd7 29. h3 Rc8 30. Qb4 Qd5 31. Qa4 Qe5 32. Rd1 a5 33. Rb1 Rc5
34. Rd1 Rc8 35. Rb1 1/2-1/2

[Event "George Trundle NZ Reserves 2017"]
[Site "Auckland, NZL"]
[Date "2017.10.01"]
[Round "2.4"]
[White "Ha, Huy Minh (Timothy)"]
[Black "Peak, Stephen"]
[Result "1-0"]
[BlackElo "1670"]
[WhiteElo "1690"]
[LiveChessVersion "1.4.8"]

1. Nf3 Nf6 2. d4 g6 3. Bf4 Bg7 4. e3 O-O 5. h3 d6 6. Bd3 Nbd7 7. c3 Re8 8. O-O c5 9. Bh2 e5 10. dxe5 dxe5 11. Bc4 h6 12. Nh4 Nb6 13. Bb5 Bd7 14. Bxd7 Nfxd7 15. Nf3 e4 16. Nfd2 Be5 17. Bxe5 Rxe5 18. f4 Re8 19. Na3 Nd5 20. Qe2 a6 21. Rad1 Qe7 22. Rfe1 b5 23. Nc2 N5f6 24. Nf1 Nb6 25. Rb1 Nc4 26. Red1 Rad8 27. b3 Rxd1 28. Rxd1 Nb6 29. Qd2 Nbd5 30. c4 bxc4 31. bxc4 Nb6 32. Na3 Qe6 33. Qd6 Nfd7 34. Qc7 Rc8 35. Qd6 Re8 36. g4 Qxd6 37. Rxd6 Kf8 38. Kf2 Ke7 39. Rd2 f5 40. gxf5 gxf5 41. Ng3 Ke6 42. Ne2 Rc8 43. Nc1 Rc6 44. Nb3 Rd6 45. Rxd6+ Kxd6 46. Kg3 Nf6 47. Nd2 Ke6 48. Nab1 Ne8 49. Kh4 Kf6 50. Na3 Kg6 51. Nb3 Nd6 52. Na5 Na4 53. Nb1 Nb2 54. Nd2 Nd1 55. Nf1 Nc3 56. Nb3 Nxc4 57. Nxc5 a5 58. a4 Nd1 59. Nb3 Ndb2 60. Nc5 Nd1 61. Nb3 Ndxe3 62. Nxe3 Nxe3 63. Nxa5 Nd5 64. Nc6 e3 65. Kg3 Kh5 66. Nd4 Nc3 67. Nxf5 e2 68. Kf2 Kg6 69. Ng3 Nxa4 70. Kxe2 Nc3+ 71. Ke3 Nd5+ 72. Ke4 Nf6+ 73. Kf3 Nd7 74. h4 Nc5 75. h5+ Kf6 76. Ne4+ Nxe4 77. Kxe4 Ke6 78. f5+ Kf6 79. Kf4 Kg7 80. Ke5 Kf7 81. f6 Kf8 82. Kf4 Ke8 83. Ke5 Kf7 84. Kf5 Kg8 85. Kg6 Kf8 86. Kxh6 Kf7 87. Kg5 Kg8 88. Kg6 Kf8 89. f7 1-0

[Event "George Trundle NZ Reserves 2017"]
[Site "Auckland, NZL"]
[Date "2017.10.01"]
[Round "2.5"]
[White "Wang, Aaron Ziwen"]
[Black "Braganza, Nadia"]
[Result "1/2-1/2"]
[BlackElo "1517"]
[WhiteElo "1530"]
[LiveChessVersion "1.4.8"]

1. c4 {[%clk 1:30:56]} Nf6 {[%clk 1:30:49]} 2. Nc3 {[%clk 1:31:08]} g6
{[%clk 1:31:00]} 3. g3 {[%clk 1:30:39]} Bg7 {[%clk 1:30:04]} 4. Bg2 O-O
{[%clk 1:29:29]} 5. Nf3 {[%clk 1:30:39]} d6 {[%clk 1:29:40]} 6. O-O
{[%clk 1:29:45]} Nc6 {[%clk 1:17:29]} 7. d4 Bg4 8. h3 {[%clk 1:23:19]} Bxf3
{[%clk 1:15:15]} 9. Bxf3 {[%clk 1:21:42]} Qd7 {[%clk 1:13:52]} 10. Kh2
{[%clk 1:19:11]} Rab8 {[%clk 1:10:52]} 11. e4 {[%clk 1:15:12]} e5
{[%clk 1:09:50]} 12. Be3 {[%clk 1:12:43]} exd4 {[%clk 1:01:36]} 13. Bxd4
{[%clk 1:10:37]} Nxd4 {[%clk 1:01:32]} 14. Qxd4 {[%clk 1:10:41]} a6
{[%clk 1:01:27]} 15. Qe3 {[%clk 1:05:07]} Rfe8 {[%clk 0:56:54]} 16. Rad1
{[%clk 0:55:25]} Qe6 {[%clk 0:51:06]} 17. Nd5 {[%clk 0:51:23]} Nxd5
{[%clk 0:50:40]} 18. cxd5 {[%clk 0:50:12]} Qe5 {[%clk 0:50:04]} 19. b3
{[%clk 0:45:10]} Qc3 {[%clk 0:44:48]} 20. Qxc3 {[%clk 0:42:04]} Bxc3
{[%clk 0:45:03]} 21. Rc1 {[%clk 0:41:52]} Ba5 {[%clk 0:44:54]} 22. b4
{[%clk 0:41:44]} Bxb4 {[%clk 0:43:18]} 23. Rxc7 {[%clk 0:40:34]} Rec8
{[%clk 0:43:20]} 24. Rfc1 {[%clk 0:37:19]} Bc5 {[%clk 0:43:14]} 25. Rxc8+
{[%clk 0:37:15]} Rxc8 {[%clk 0:43:37]} 26. e5 {[%clk 0:34:39]} dxe5
{[%clk 0:27:42]} 27. d6 {[%clk 0:29:23]} b6 {[%clk 0:27:37]} 28. d7
{[%clk 0:25:34]} Rd8 {[%clk 0:27:53]} 29. Bc6 {[%clk 0:24:59]} Bxf2
{[%clk 0:26:23]} 30. Kg2 Bc5 31. Kf3 f5 32. a4 a5 33. Re1 Bd4
34. Bb5 Kf7 1/2-1/2